000 00320nam a2200109Ia 4500
008 171211s9999 xx 000 0 und d
245 _a150 bordures en crochet
245 _cPaul Forrester Suzanne Smith and Phil Wilkins
260 _c2007
650 _xHobbies
856 _uhttp://down.ebook777.com/065/9782299000114.pdf
999 _c350313
_d350313